• 首页
  • 本馆介绍
  • 公告通知
  • 最新文献
  • 馆藏检索
  • 电子资源
  • 读者导购
  • 参考咨询
  • 我的图书馆
  • 登录
  • 详细信息显示
  • 放入我的书架
  • 预约/预借图书
  • 作者相关作品
  • 分类相关作品
  • 丛书相关作品
  • 出版社相关作品

书目信息

  • 表格格式
  • 工作单格式
  • 卡片格式
题名:
上海小刀会起义
    
 
作者: 张志康 著
分册:  
出版信息: 北京   中华书局  1963
页数: 36页
开本: 19cm
丛书名:
单 册:
中图分类: K254.42
科图分类:
主题词: 小刀会--历史--上海
电子资源:
ISBN:
000 00609nam0 2200217 45
001 0193036895
005 20060725111927.18
010    @dCNY0.10
100    @a19930827d1963 em y0chiy0121 ea
101 0  @achi
102    @aCN@b310000
105    @af z 000yy
200 10 @a上海小刀会起义@Ashang hai xiao dao hui qi yi@f张志康著@Fzhang zhi kang zhu
210    @a北京@c中华书局@d1963
215    @a36页@c地图@d19cm
540 1  @a小刀会@AXIAO DAO HUI
606    @a小刀会@x历史@y上海
690    @aK254.42@v三版
701  0 @a张志康@Azhang zhi kang@4著
801  0 @aCN@bTSSF@c20060725
905    @a10447@dK254.42@e34
    
    上海小刀会起义/张志康著.-北京:中华书局,1963
    36页:地图;19cm
    
    
    ISBN :CNY0.10
    
●
相关链接 在E读中查询图书 在五车中查询图书 在当当中查询图书 在豆瓣中查询图书


正题名:上海小刀会起义     索取号:K254.42/34         预约/预借

序号 登录号 条形码 馆藏地/架位号 状态 备注
1 0436098   204360985   密集书库/ [索取号:K254.42/34] 在馆    
2 0436099   204360994   密集书库/ [索取号:K254.42/34] 在馆    
3 0436142   204361421   密集书库/ [索取号:K254.42/34] 在馆    
唐山师范学院图书馆 欢迎您!
大连网信软件有限公司© 版权所有